Hadrian : a deckle-edge book paper in two friendly surfaces and two weights for fine printing uses.

Bibliographic Details
Main Author: Rollins, Carl Purington, 1880-1960
Corporate Author: Worthy Paper Company
Format: Book
Language:English
Published: Mittineague : Worthy Paper Co., 1926.
Subjects:

MARC

Tag First Indicator Second Indicator Subfields
LEADER 00000cam a2200000 a 4500
001 in00002017548
005 20151031152448.0
008 010501s1926 maua 000 0 eng
010 |a  2001552159 
035 |a (OCoLC)ocm47664991 
040 |a DLC  |c DLC  |d OCLCQ  |d TXA  |d UtOrBLW 
049 |a TXAM 
050 0 0 |a Z247  |b .R65 1926 
090 |a TS1220  |b .W67 1926 
100 1 |a Rollins, Carl Purington,  |d 1880-1960. 
245 1 0 |a Hadrian :  |b a deckle-edge book paper in two friendly surfaces and two weights for fine printing uses. 
264 1 |a Mittineague :  |b Worthy Paper Co.,  |c 1926. 
300 |a 18 unnumbered pages :  |b illustrations ;  |c 24 cm. 
336 |a text  |b txt  |2 rdacontent 
337 |a unmediated  |b n  |2 rdamedia 
338 |a volume  |b nc  |2 rdacarrier 
500 |a "Planned, written, and set in type by Carl Purington Rollins"--Colophon. 
510 4 |a Walker, G. Carl P. Rollins,  |c 1029 
508 |a Designed by Carl Purington Rollins. 
580 |a The Cushing Library copy forms part of the Bibliography and Book Arts Section of the Al Lowman Printing Arts Collection and Research Archive. 
650 0 |a Paper  |v Sample books. 
650 0 |a Printing  |v Specimens. 
710 2 |a Worthy Paper Company. 
773 0 |t Al Lowman Printing Arts Collection and Research Archive. 
948 |a cataloged  |b h  |c 2004/12/13  |d c  |e mjackson  |f 1:31:14 pm 
994 |a E0  |b TXA 
999 |a MARS 
999 f f |s 291608e2-c10b-3059-af94-98d18e044bfc  |i b8c70c11-5368-38ee-9ab4-7cd091961a34  |t 0 
952 f f |p noncirc  |a Texas A&M University  |b College Station  |c Cushing Memorial Library & Archives  |d Cushing: Lowman (Does not check out)  |t 0  |e TS1220 .W67 1926  |h Library of Congress classification  |i unmediated -- volume 
998 f f |a TS1220 .W67 1926  |t 0  |l Cushing: Lowman (Does not check out)